[Event "Canarias en Red prel 5th"]
[Site "Playchess.com INT"]
[Date "2004.05.07"]
[Round "7"]
[White "Sautto, Daniele"]
[Black "Bellini, Fabio"]
[Result "0-1"]
[WhiteElo "2114"]
[BlackElo "2502"]
[PlyCount "126"]
[EventDate "2004.05.07"]
[EventType "swiss (blitz)"]
[EventRounds "13"]
[EventCountry "GER"]
[SourceTitle "EXT 2005"]
[Source "ChessBase"]
[SourceDate "2004.11.15"]
[SourceVersion "1"]
[SourceVersionDate "2004.11.15"]
[SourceQuality "1"]

1. e4 g6 2. d4 Bg7 3. Nc3 c6 4. Nf3 d5 5. exd5 cxd5 6. Bb5+ Bd7 7. Bxd7+ Qxd7 8. 0-0 Nc6 9. Bf4 Nf6 10. Ne5 Qc8 11. Re1 e6 12. Nxc6 Qxc6 13. Be5 0-0 14. Qe2 a6 15. h3 b5 16. a3 Nd7 17. Bxg7 Kxg7 18. Nd1 Rfc8 19. c3 a5 20. Ne3 Rab8 21. Ng4 h5 22. Ne5 Nxe5 23. Qxe5+ Kg8 24. g4 hxg4 25. hxg4 Qc7 26. Qf6 Qd8 27. Qe5 Qh4 28. f3 b4 29. axb4 axb4 30. Re2 bxc3 31. bxc3 Qh8 32. Qf4 Qg7 33. Ra7 Rb6 34. Rea2 Rbc6 35. Ra8 g5 36. Rxc8+ Rxc8 37. Qe3 Qg6 38. Ra7 Qb1+ 39. Kg2 Qg6 40. Rd7 Kg7 41. Kg3 Rh8 42. Qe5+ Qf6 43. Qxf6+ Kxf6 44. Ra7 Rc8 45. Ra3 Rc4 46. Kf2 Rc6 47. Ke3 Rb6 48. Kd3 Rb2 49. Ra4 Rf2 50. Ke3 Rb2 51. Kd3 Rb1 52. Ke3 Rf1 53. Ke2 Rc1 54. Kd2 Rb1 55. Kc2 Rf1 56. Ra8 Rxf3 57. Rg8 Rf4 58. Rh8 Rxg4 59. Rh6+ Kf5 60. Rh7 f6 61. Rh1 Re4 62. Rf1+ Rf4 63. Rh1 g4 0-1